[Event "KP 2024/25,SK Lomnice-J. Horice"]
[Site "Lomnice n. Pop."]
[Date "2024.11.24"]
[Round "3.2"]
[White "Flasar, Jaroslav"]
[Black "Volman, Vaclav"]
[Result "1/2-1/2"]
[WhiteElo "2015"]
[BlackElo "1957"]
[PlyCount "113"]
[EventDate "2024.11.24"]
[WhiteTeam "TJ Jiskra Horice v Podkrkonosi"]
[BlackTeam "Sachovy klub Lomnice nad Popelkou"]

1. e4 c5 2. Nf3 e6 3. d4 cxd4 4. Nxd4 a6 5. c4 Qc7 6. Nc3 Nc6 7. Be3 Nf6 8. f4
Bb4 9. e5 Ne4 10. Qc2 Nxc3 11. bxc3 Nxd4 12. Bxd4 Bc5 13. Bd3 g6 14. O-O b6 15.
Rad1 Bb7 16. Be4 Rc8 17. Bxb7 Qxb7 18. Qd3 Qc6 19. Kh1 Bxd4 20. Qxd4 O-O 21.
Rf3 Rfd8 22. Rh3 Qc5 23. Qd2 h5 24. Rg3 Kg7 25. Qe2 Qxc4 26. Qf3 b5 27. f5 exf5
28. Qxf5 Qe6 29. Qxh5 Rxc3 30. Rg4 Rh8 31. Qg5 Rc5 32. Rgd4 Rxe5 33. Qg3 Re3
34. Qf2 Re8 35. Rf1 Re7 36. h3 Re1 37. Rd1 Re4 38. Rc1 Re2 39. Qd4+ Qe5 40. Qh4
Qe4 41. Qf6+ Kh7 42. Rg1 Qe5 43. Qxa6 Kg7 44. Qb6 Rxa2 45. Qd8 Re8 46. Qxd7 Re2
47. Rb1 Rb8 48. Rgf1 Qe6 49. Qc7 Rh8 50. Qc3+ Qe5 51. Qb3 Qe6 52. Qc3+ Qe5 53.
Qf3 Rf8 54. Rb4 Re1 55. Rxb5 Rxf1+ 56. Qxf1 Qf6 57. Qxf6+ 1/2-1/2

[Event "KP 2024/25,SK Lomnice-J. Horice"]
[Site "Lomnice n. Pop."]
[Date "2024.11.24"]
[Round "3.3"]
[White "Blaha, Milan"]
[Black "Stejskal, Michal"]
[Result "1-0"]
[WhiteElo "1945"]
[BlackElo "1957"]
[PlyCount "83"]
[EventDate "2024.11.24"]
[WhiteTeam "Sachovy klub Lomnice nad Popelkou"]
[BlackTeam "TJ Jiskra Horice v Podkrkonosi"]

1. d4 Nf6 2. Nf3 g6 3. g3 Bg7 4. Bg2 c5 5. d5 d6 6. c4 b5 7. O-O O-O 8. cxb5 a6
9. b6 Nbd7 10. Nc3 Nxb6 11. Nd2 a5 12. Rb1 Ba6 13. Qc2 Qc7 14. Re1 Rfb8 15. b3
Nfd7 16. Bb2 Ne5 17. f4 Ng4 18. e3 c4 19. Nd1 Nf6 20. e4 Qc5+ 21. Kh1 Rc8 22.
Rc1 a4 23. Ne3 axb3 24. axb3 c3 25. Bxc3 Ng4 26. Bxg7 Qxe3 27. Qxc8+ Rxc8 28.
Rxc8+ Nxc8 29. Rxe3 Nxe3 30. Bd4 Nxg2 31. Kxg2 e6 32. dxe6 fxe6 33. Kf3 Kf7 34.
Ke3 Ke7 35. e5 Kd7 36. Ne4 h6 37. exd6 Bb5 38. Bc5 Kc6 39. b4 Bc4 40. Kd4 Bd5
41. Nf6 Nxd6 42. Bxd6 1-0

[Event "KP KHSS 2024/25, SK Lomnice n. Pop. - TJ"]
[Site "Lomnice n. Pop."]
[Date "2024.11.24"]
[Round "3.4"]
[White "Matonoha, Ctirad"]
[Black "Spinka, Petr"]
[Result "1-0"]
[WhiteElo "1985"]
[BlackElo "1966"]
[PlyCount "25"]
[EventDate "2024.11.24"]
[WhiteTeam "TJ Jiskra Horice v Podkrkonosi"]
[BlackTeam "Sachovy klub Lomnice nad Popelkou"]

1. Nc3 d5 2. e4 dxe4 3. Nxe4 e6 4. d4 Nf6 5. Bd3 Nxe4 6. Bxe4 c5 7. Nf3 cxd4 8.
Qxd4 Qxd4 9. Nxd4 a6 10. Be3 f5 11. Nxe6 Bxe6 12. Bxb7 f4 13. Bd4 1-0

[Event "KP 2024/25,SK Lomnice-J. Horice"]
[Site "Lomnice n. Pop."]
[Date "2024.11.24"]
[Round "3.5"]
[White "Laska, Tomas"]
[Black "Rusnak, Jan"]
[Result "1-0"]
[WhiteElo "1902"]
[BlackElo "1974"]
[PlyCount "57"]
[EventDate "2024.11.24"]
[WhiteTeam "Sachovy klub Lomnice nad Popelkou"]
[BlackTeam "TJ Jiskra Horice v Podkrkonosi"]

1. e4 e6 2. d4 b6 3. f4 Bb7 4. Bd3 c5 5. c3 cxd4 6. cxd4 Bb4+ 7. Bd2 Bxd2+ 8.
Qxd2 f5 9. exf5 Qf6 10. fxe6 Qxe6+ 11. Ne2 Bxg2 12. Rg1 Bf3 13. Nbc3 Ne7 14.
O-O-O Nbc6 15. d5 Bxd5 16. Nxd5 Qxd5 17. Nc3 Qf7 18. Kb1 O-O 19. Qg2 g6 20. f5
Nxf5 21. Rdf1 Ncd4 22. Be4 Rac8 23. Bd5 Ne6 24. Ne4 Ne3 25. Rxf7 Nxg2 26. Rxd7
Ngf4 27. Bb3 Rf7 28. Rxf7 Kxf7 29. Nd6+ 1-0

[Event "KP 2024/25,SK Lomnice-J. Horice"]
[Site "Lomnice n. Pop."]
[Date "2024.11.24"]
[Round "3.6"]
[White "Kohout, Jan"]
[Black "Pospisil, Jiri"]
[Result "1-0"]
[WhiteElo "1890"]
[BlackElo "1847"]
[PlyCount "75"]
[EventDate "2024.11.24"]
[WhiteTeam "TJ Jiskra Horice v Podkrkonosi"]
[BlackTeam "Sachovy klub Lomnice nad Popelkou"]

1. e4 c6 2. d4 d5 3. exd5 cxd5 4. c4 Nf6 5. Nc3 Nc6 6. Bf4 a6 7. Nf3 e6 8. Rc1
Be7 9. b3 Bb4 10. Bd3 Ne4 11. Bxe4 dxe4 12. Ng5 Qf6 13. Be3 Qg6 14. Kf1 Bxc3
15. Rxc3 Nb4 16. Qd2 h6 17. a3 hxg5 18. axb4 Rh5 19. d5 f5 20. g3 e5 21. Qc2 f4
22. Bc1 Bh3+ 23. Ke1 Bg2 24. Rg1 Rxh2 25. f3 fxg3 26. Rxg2 Qh7 27. fxe4 Kd7 28.
Rcxg3 Rh1+ 29. Kd2 Rf8 30. Kc3 Rhf1 31. Rxg5 Qh1 32. Rxg7+ Ke8 33. Bg5 R1f3+
34. Kb2 R3f7 35. Rxf7 Rxf7 36. Rf2 Qg1 37. Rxf7 Kxf7 38. Bd2 1-0

[Event "KP 2024/25,SK Lomnice-J. Horice"]
[Site "Lomnice n. Pop."]
[Date "2024.11.24"]
[Round "3.7"]
[White "Hyska, Pavel"]
[Black "Lustinec, Vladimir"]
[Result "0-1"]
[WhiteElo "1868"]
[BlackElo "1905"]
[PlyCount "112"]
[EventDate "2024.11.24"]
[WhiteTeam "Sachovy klub Lomnice nad Popelkou"]
[BlackTeam "TJ Jiskra Horice v Podkrkonosi"]

1. e4 e5 2. Nf3 Nc6 3. Nc3 Nf6 4. d4 exd4 5. Nxd4 d6 6. Bb5 Bd7 7. O-O Be7 8.
f4 Nxd4 9. Qxd4 Bxb5 10. Nxb5 c6 11. Nc3 Qb6 12. Qxb6 axb6 13. Be3 b5 14. a3
O-O 15. h3 Rfe8 16. Rad1 Bf8 17. e5 dxe5 18. fxe5 Rxe5 19. Bd4 Bc5 20. Bxc5
Rxc5 21. Rfe1 Kf8 22. Ne4 Nxe4 23. Rxe4 Re8 24. Rxe8+ Kxe8 25. Rd2 Ke7 26. Kf2
Ke6 27. Kf3 f5 28. g4 fxg4+ 29. hxg4 h5 30. gxh5 Rxh5 31. Rg2 Rf5+ 32. Ke4 g5
33. Rh2 Rf4+ 34. Ke3 Rh4 35. Rf2 Rh7 36. Ke4 b6 37. Rg2 Rh4+ 38. Kf3 Kf5 39.
Rd2 Rh3+ 40. Kg2 Re3 41. Kf2 Re6 42. Rd8 g4 43. Rf8+ Rf6 44. Rb8 c5 45. Rd8
Ke4+ 46. Kg3 Rf3+ 47. Kxg4 Rf2 48. Rd6 Rg2+ 49. Kh3 Rxc2 50. b4 Rc3+ 51. Kg2
Rxa3 52. Rxb6 cxb4 53. Rxb5 b3 54. Kf2 Kd3 55. Rb8 Kc2 56. Ke2 b2 0-1

[Event "KP 2024/25,SK Lomnice-J. Horice"]
[Site "Lomnice n. Pop."]
[Date "2024.11.24"]
[Round "3.8"]
[White "Kopecky, Petr"]
[Black "Dlouhy, Milan"]
[Result "1/2-1/2"]
[WhiteElo "1900"]
[BlackElo "1807"]
[PlyCount "25"]
[EventDate "2024.11.24"]
[WhiteTeam "TJ Jiskra Horice v Podkrkonosi"]
[BlackTeam "Sachovy klub Lomnice nad Popelkou"]

1. d4 d5 2. c4 e6 3. Nc3 Nf6 4. Nf3 c6 5. Bg5 Nbd7 6. e3 Qa5 7. Nd2 dxc4 8.
Bxf6 Nxf6 9. Bxc4 Bb4 10. O-O Bxc3 11. bxc3 Qxc3 12. Rc1 Qa3 13. Qf3 1/2-1/2

[Event "KP 2024/25,SSPM Lipky C-TJ Hronov"]
[Site "Lomnice n. Pop."]
[Date "2024.11.24"]
[Round "3.1"]
[White "Winter, Ondrej"]
[Black "Stepan, Michal"]
[Result "1-0"]
[WhiteElo "2230"]
[BlackElo "2110"]
[PlyCount "115"]
[EventDate "2024.11.24"]
[SourceVersionDate "2024.11.26"]

1. e4 e6 2. d4 d5 3. e5 c5 4. c3 Nc6 5. Nf3 Bd7 6. a3 c4 7. Nbd2 Na5 8. g3 Bc6
9. Bh3 Qd7 10. O-O Ba4 11. Qe2 h6 12. Ne1 Nb3 13. Nxb3 Bxb3 14. Ng2 Ne7 15. Ne3
Qa4 16. f4 g6 17. Bg2 h5 18. h3 Nf5 19. Nxf5 gxf5 20. Bf3 Bc2 21. Rf2 Bd3 22.
Qe1 Be7 23. Kh2 Kd7 24. Be3 a5 25. Bd1 Qc6 26. a4 Rh7 27. Bf3 Rg8 28. Qd1 Qb6
29. Rd2 Be4 30. Bxe4 fxe4 31. Rg2 Rhg7 32. Rb1 Rh7 33. b3 cxb3 34. Rxb3 Qc6 35.
Rb5 b6 36. Qb3 Bd8 37. f5 Bc7 38. f6 Rg6 39. h4 Rh8 40. Rc2 Qc4 41. Qxc4 dxc4
42. Bf4 Kc6 43. Re2 Rd8 44. Rxe4 Rd5 45. Rxd5 exd5 46. Re2 b5 47. axb5+ Kxb5
48. Bg5 Rg8 49. Rb2+ Kc6 50. Bh6 Kd7 51. Bg7 Rb8 52. Rxb8 Bxb8 53. Bf8 Ke6 54.
g4 hxg4 55. h5 Bxe5+ 56. dxe5 d4 57. cxd4 c3 58. Ba3 1-0

[Event "KP 2024/25,SSPM Lipky C-TJ Hronov"]
[Site "Lomnice n. Pop."]
[Date "2024.11.24"]
[Round "3.2"]
[White "Pinkava, Josef"]
[Black "Nun, Jiri"]
[Result "1/2-1/2"]
[WhiteElo "1897"]
[BlackElo "2232"]
[PlyCount "46"]
[EventDate "2024.11.24"]
[SourceVersionDate "2024.11.26"]

1. e4 c5 2. Nf3 Nc6 3. c4 a6 4. d4 cxd4 5. Nxd4 Qc7 6. Nc3 e6 7. Be3 Nf6 8. f3
Be7 9. Rc1 O-O 10. Be2 d6 11. O-O Nxd4 12. Bxd4 Bd7 13. Qb3 Rac8 14. Bb6 Qb8
15. Rfd1 Bc6 16. a4 Nd7 17. Be3 Rfd8 18. Bf1 h6 19. Ra1 a5 20. Nb5 Nc5 21. Qc3
b6 22. b4 axb4 23. Qxb4 Bxb5 1/2-1/2

[Event "KP 2024/25,SSPM Lipky C-TJ Hronov"]
[Site "Lomnice n. Pop."]
[Date "2024.11.24"]
[Round "3.3"]
[White "Sprinar, Michal"]
[Black "Prochazka, Jan"]
[Result "1-0"]
[WhiteElo "1980"]
[BlackElo "1876"]
[PlyCount "41"]
[EventDate "2024.11.24"]
[SourceVersionDate "2024.11.26"]

1. e4 e5 2. Nf3 Nc6 3. Bb5 a6 4. Ba4 Nf6 5. O-O b5 6. Bb3 Be7 7. Re1 O-O 8. c3
d5 9. exd5 Nxd5 10. Nxe5 Nxe5 11. Rxe5 c6 12. d4 Bd6 13. Re1 Qh4 14. g3 Qh3 15.
Re4 Nf6 16. Rh4 Qf5 17. Bc2 Qd5 18. Nd2 Re8 19. f3 h6 20. Ne4 Nh7 21. Bb3 1-0

[Event "KP 2024/25,SSPM Lipky C-TJ Hronov"]
[Site "?"]
[Date "2024.11.24"]
[Round "3.4"]
[White "Vagner, Patrik"]
[Black "Jezbera, Jiri"]
[Result "0-1"]
[WhiteElo "1805"]
[BlackElo "2031"]
[PlyCount "76"]
[EventDate "2024.??.??"]

1. d4 Nf6 2. c4 g6 3. Nc3 Bg7 4. e4 d6 5. Nf3 O-O 6. Be2 e5 7. dxe5 dxe5 8.
Qxd8 Rxd8 9. Bg5 Re8 10. O-O-O Na6 11. Be3 Ng4 12. Nd5 c6 13. Nc3 Nxe3 14. fxe3
Bh6 15. Kd2 f5 16. Bd3 Nc5 17. Bc2 a5 18. Ke2 f4 19. exf4 exf4 20. Kf2 Be6 21.
b3 Na6 22. Rhe1 Bf8 23. Ne2 Bc5+ 24. Ned4 Rad8 25. Kf1 Bg4 26. Ne2 Be3 27. Rxd8
Rxd8 28. Rd1 Re8 29. h3 Bc8 30. Rd6 Kg7 31. e5 Nc5 32. h4 Nd7 33. h5 Nxe5 34.
Nxe5 Rxe5 35. hxg6 Bg4 36. gxh7 Bxe2+ 37. Ke1 Bh5 38. Rd7+ Kh8 0-1

[Event "KP 2024/25,SSPM Lipky C-TJ Hronov"]
[Site "?"]
[Date "2024.11.24"]
[Round "3.5"]
[White "Vlcek, Vojtech"]
[Black "Franc, Martin Frantisek"]
[Result "1/2-1/2"]
[WhiteElo "1845"]
[BlackElo "1825"]
[PlyCount "109"]
[EventDate "2024.??.??"]
[SourceVersionDate "2024.11.26"]

1. Nf3 d5 2. b3 Nf6 3. e3 e6 4. Bb2 Be7 5. c4 O-O 6. Qc2 Nbd7 7. d4 Ne4 8. Bd3
f5 9. Ba3 Bxa3 10. Nxa3 c6 11. O-O g5 12. Ne5 Qf6 13. f3 Nd6 14. Nxd7 Bxd7 15.
Qf2 Rad8 16. Nc2 dxc4 17. Bxc4 Nxc4 18. bxc4 e5 19. d5 e4 20. Qd2 Rf7 21. Qb4
b6 22. Rad1 c5 23. Qb3 Qd6 24. f4 Rg7 25. a4 a6 26. Rb1 Rb8 27. Na3 Be8 28.
fxg5 Rxg5 29. Rf4 Bh5 30. Rbf1 Qg6 31. Qb2 Rb7 32. R1f2 Rg7 33. g3 Bf3 34.
R4xf3 exf3 35. Rxf3 h5 36. Qe5 h4 37. Kg2 Rg4 38. d6 Re4 39. Qd5+ Qe6 40. Rxf5
Qxd5 41. Rxd5 Rd7 42. Kf3 Re6 43. a5 Rexd6 44. axb6 Rxd5 45. cxd5 Rxd5 46. b7
Rd8 47. Nc4 hxg3 48. hxg3 Rb8 49. Nd6 Kf8 50. Ke4 Ke7 51. Kd5 c4 52. Kc6 c3 53.
Nf5+ Kf6 54. Nd4 Kg5 55. Kc7 1/2-1/2

[Event "KP 2024/25,SSPM Lipky C-TJ Hronov"]
[Site "?"]
[Date "2024.11.24"]
[Round "3.6"]
[White "Gorecki, Janusz"]
[Black "Nosek, Jan"]
[Result "0-1"]
[WhiteElo "1760"]
[BlackElo "1926"]
[PlyCount "84"]
[EventDate "2024.??.??"]
[SourceVersionDate "2024.11.24"]
[WhiteTeam "ŠŠPM Lipky HK C"]
[BlackTeam "TJ Hronov"]

1. e4 c5 2. Nc3 Nc6 3. Nge2 d6 4. g3 g6 5. Bg2 Bg7 6. O-O Nf6 7. d4 cxd4 8.
Nxd4 Bd7 9. Nxc6 Bxc6 10. Be3 O-O 11. Bd4 Rc8 12. Qd2 Qc7 13. Rad1 b5 14. Qe2
Qb7 15. Rfe1 e5 16. Be3 b4 17. Nb1 Nxe4 18. Qf1 f5 19. Bc1 d5 20. Qd3 Rfd8 21.
a4 Nc5 22. Qd2 e4 23. b3 d4 24. Qf4 d3 25. cxd3 Nxd3 26. Qg5 Bd5 27. Qe3 Bxb3
28. Rxd3 Rxd3 29. Qxd3 exd3 30. Bxb7 Rc2 31. Bg5 Rc7 32. Re8+ Kf7 33. Rb8 Be5
34. Kg2 Rd7 35. Bc6 Bxb8 36. Bxd7 Bc2 37. Nd2 Be5 38. Bb5 Ke6 39. Bc4+ Kd6 40.
Nb3 a5 41. Kf1 Bc3 42. Bf4+ Ke7 0-1

[Event "KP 2024/25,SSPM Lipky C-TJ Hronov"]
[Site "?"]
[Date "2024.11.24"]
[Round "3.7"]
[White "Tichy, Miroslav"]
[Black "Szablewski, Krzysztof"]
[Result "1-0"]
[WhiteElo "1981"]
[BlackElo "1871"]
[PlyCount "55"]
[EventDate "2024.??.??"]
[SourceVersionDate "2024.11.26"]

1. e4 c6 2. Nc3 d5 3. d4 dxe4 4. Nxe4 Nd7 5. Bc4 Ngf6 6. Ng5 Nd5 7. N1f3 e6 8.
Qe2 Qf6 9. Ne4 Qd8 10. O-O Be7 11. Bb3 N7f6 12. Re1 O-O 13. c3 Nxe4 14. Qxe4
Nf6 15. Qe2 c5 16. Bg5 cxd4 17. Nxd4 Nd5 18. Bxe7 Nxe7 19. Rad1 Qb6 20. Rd3 Ng6
21. Qe4 Bd7 22. h4 Bc6 23. Qg4 Bd5 24. Bxd5 exd5 25. h5 Nh8 26. Nf5 g6 27. Ne7+
Kg7 28. h6+ 1-0

[Event "KP 2024/25,SSPM Lipky C-TJ Hronov"]
[Site "?"]
[Date "2024.11.24"]
[Round "3.8"]
[White "Cap, Jaroslav"]
[Black "Picek, Ivan"]
[Result "1/2-1/2"]
[WhiteElo "1814"]
[BlackElo "1905"]
[PlyCount "52"]
[EventDate "2024.??.??"]
[SourceVersionDate "2024.11.26"]

1. e4 c5 2. Nf3 d6 3. Bb5+ Nd7 4. c3 Ngf6 5. e5 dxe5 6. Nxe5 a6 7. Bxd7+ Nxd7
8. d4 cxd4 9. Qxd4 e6 10. Nf3 Qf6 11. Bg5 Qxd4 12. Nxd4 Ne5 13. Ke2 f6 14. Bc1
Kf7 15. Nd2 Bd7 16. Ne4 Nc6 17. Be3 Nxd4+ 18. Bxd4 Bc6 19. f3 Be7 20. Rad1 b5
21. Rhe1 Bd5 22. a3 Bc4+ 23. Kf2 Bb3 24. Rd2 Rac8 25. f4 Rc6 26. Rde2 Bc4
1/2-1/2

[Event "KP 2024/25,Jiskra N. Bydzov-J. Jaromer"]
[Site "?"]
[Date "2024.11.24"]
[Round "3.1"]
[White "Kohout, Matin"]
[Black "Hubka, Lubos"]
[Result "1/2-1/2"]
[WhiteElo "2016"]
[BlackElo "1996"]
[Annotator "batka,PC"]
[PlyCount "28"]
[EventDate "2024.??.??"]
[TimeControl "240+2"]

{600MB, Fritz10.ctg} 1. e4 c6 2. Bc4 d5 3. Bb3 e6 4. Nc3 Nd7 5. d3 Ngf6 6. Nf3
Bb4 7. O-O dxe4 8. Nxe4 O-O 9. c3 Be7 10. Qe2 Nxe4 11. dxe4 e5 12. Re1 Qc7 13.
Ng5 Bxg5 14. Bxg5 Nc5 1/2-1/2

[Event "KP 2024/25,Jiskra N. Bydzov-J. Jaromer"]
[Site "?"]
[Date "2024.11.24"]
[Round "3.2"]
[White "Prouza, Pavel"]
[Black "Prazak, Matous"]
[Result "1/2-1/2"]
[WhiteElo "1968"]
[BlackElo "1983"]
[Annotator "batka,PC"]
[PlyCount "37"]
[EventDate "2024.??.??"]
[TimeControl "240+2"]

{600MB, Fritz10.ctg} 1. d4 d6 2. c4 Nf6 3. Nc3 g6 4. e4 Bg7 5. Be2 Nbd7 6. f4
e5 7. fxe5 dxe5 8. d5 Nc5 9. Bf3 a5 10. Nge2 O-O 11. Ng3 Ne8 12. O-O Qe7 13.
Nb5 Bd7 14. a4 Bxb5 15. cxb5 f5 16. Qc2 fxe4 17. Nxe4 Nxe4 18. Qxe4 Nd6 19. Qe2
1/2-1/2

[Event "KP 2024/25,Jiskra N. Bydzov-J. Jaromer"]
[Site "?"]
[Date "2024.11.24"]
[Round "3.3"]
[White "Vanek, Tomas"]
[Black "Prouza, Tomas"]
[Result "0-1"]
[WhiteElo "1933"]
[BlackElo "1949"]
[Annotator "batka,PC"]
[PlyCount "104"]
[EventDate "2024.??.??"]
[TimeControl "240+2"]

{600MB, Fritz10.ctg} 1. e4 d5 2. exd5 Nf6 3. Bb5+ Bd7 4. Bxd7+ Qxd7 5. c4 c6 6.
Nf3 cxd5 7. Ne5 Qf5 8. d4 Nbd7 9. Nxd7 Qxd7 10. c5 g6 11. O-O Bg7 12. Bf4 O-O
13. Be5 Ng4 14. Bxg7 Kxg7 15. Nc3 h5 16. Qd3 Qc7 17. g3 Rfd8 18. b4 e5 19. Nb5
Qc6 20. Nd6 e4 21. Qb3 Rxd6 22. cxd6 Qxd6 23. Rac1 h4 24. Rc5 Rd8 25. h3 Nh6
26. Qe3 Nf5 27. Qf4 Qxf4 28. gxf4 Nxd4 29. Rd1 Ne2+ 30. Kh2 Nxf4 31. Rc7 b6 32.
b5 Nd3 33. Rd2 Ne5 34. Kg2 Nf3 35. Rd1 d4 36. Re7 Ng5 37. Rxa7 Rd5 38. a4 Ne6
39. Ra6 Nc5 40. Rxb6 Nxa4 41. Rc6 d3 42. b6 Rb5 43. Rd6 Nxb6 44. f3 Rb2+ 45.
Kg1 Nc4 46. Rd8 Ne3 47. Rc1 Rg2+ 48. Kh1 Re2 49. Rb1 exf3 50. Rxd3 f2 51. Rxe3
Rxe3 52. Rf1 Re1 0-1

[Event "KP 2024/25,Jiskra N. Bydzov-J. Jaromer"]
[Site "?"]
[Date "2024.11.24"]
[Round "3.4"]
[White "Wenke, Oldrich"]
[Black "Vanicek, Vojtech"]
[Result "1/2-1/2"]
[WhiteElo "1945"]
[BlackElo "1908"]
[Annotator "batka,PC"]
[PlyCount "49"]
[EventDate "2024.??.??"]
[TimeControl "240+2"]

{600MB, Fritz10.ctg} 1. b3 d5 2. Bb2 Bf5 3. Nf3 Nf6 4. e3 h6 5. Be2 e6 6. O-O
Be7 7. c4 O-O 8. d4 Nbd7 9. Nc3 c6 10. Rc1 Rc8 11. h3 Nb6 12. Ne5 dxc4 13. bxc4
c5 14. Qb3 cxd4 15. exd4 Nbd7 16. Nxd7 Qxd7 17. Rfd1 Ne4 18. Bf3 Ng5 19. Be2
Ne4 20. Ba3 Rfd8 21. Bxe7 Qxe7 22. Nxe4 Bxe4 23. Bf3 Bxf3 24. Qxf3 b6 25. Qb3
1/2-1/2

[Event "KP 2024/25,Jiskra N. Bydzov-J. Jaromer"]
[Site "?"]
[Date "2024.11.24"]
[Round "3.5"]
[White "Mrazek, Vladimir"]
[Black "Stanek, Petr"]
[Result "1/2-1/2"]
[WhiteElo "1857"]
[BlackElo "1930"]
[Annotator "batka,PC"]
[PlyCount "25"]
[EventDate "2024.??.??"]
[TimeControl "240+2"]

{600MB, Fritz10.ctg} 1. d4 c5 2. d5 Nf6 3. Nc3 g6 4. g3 Bg7 5. Bg2 d6 6. Nf3
O-O 7. O-O a6 8. a4 b6 9. e4 Bb7 10. Nd2 Qd7 11. Nc4 Qc7 12. f4 Nbd7 13. Bd2
1/2-1/2

[Event "KP 2024/25,Jiskra N. Bydzov-J. Jaromer"]
[Site "?"]
[Date "2024.11.24"]
[Round "3.6"]
[White "Stankova, Radka"]
[Black "Bednar, Milos"]
[Result "1-0"]
[WhiteElo "1893"]
[BlackElo "1840"]
[Annotator "batka,PC"]
[PlyCount "95"]
[EventDate "2024.??.??"]
[TimeControl "240+2"]

{600MB, Fritz10.ctg} 1. e4 c5 2. Nc3 Nc6 3. Bb5 Nd4 4. Nf3 g6 5. Nxd4 cxd4 6.
Ne2 Bg7 7. O-O a6 8. Ba4 b5 9. Bb3 e6 10. d3 Ne7 11. f4 Bb7 12. Qe1 Qb6 13. Qf2
a5 14. a4 b4 15. Ng3 f5 16. exf5 exf5 17. Re1 Qd6 18. Nf1 Bf6 19. Nd2 Kf8 20.
Nc4 Qc7 21. Ne5 Nc6 22. Qg3 Kg7 23. Bd2 Rhe8 24. Nf3 Ne7 25. Nh4 Kf8 26. Re2
Bd5 27. Rxe7 Rxe7 28. Bxd5 Bxh4 29. Qxh4 Ra6 30. Bc4 Rc6 31. Qh6+ Ke8 32. Re1
Rxe1+ 33. Bxe1 Re6 34. Bxe6 dxe6 35. Qh4 Qxc2 36. Qxh7 Qxd3 37. Qxg6+ Kd7 38.
Qg7+ Ke8 39. Qe5 Kf7 40. h4 Qd1 41. Kf2 d3 42. Qe3 Qc2+ 43. Bd2 Kf6 44. Kg3 Qc4
45. h5 Kf7 46. Qa7+ Ke8 47. Qxa5 b3 48. Qb5+ 1-0

[Event "KP 2024/25,Jiskra N. Bydzov-J. Jaromer"]
[Site "?"]
[Date "2024.11.24"]
[Round "3.7"]
[White "Luksa, Ales"]
[Black "Marxova, Sarka"]
[Result "1/2-1/2"]
[WhiteElo "1715"]
[BlackElo "1676"]
[Annotator "batka,PC"]
[PlyCount "35"]
[EventDate "2024.??.??"]
[TimeControl "240+2"]

{600MB, Fritz10.ctg} 1. Nf3 d5 2. g3 Nf6 3. Bg2 g6 4. b3 Bg7 5. Bb2 O-O 6. c4
dxc4 7. bxc4 c5 8. Nc3 Nc6 9. O-O Qd7 10. Na4 Qd6 11. d4 cxd4 12. Nxd4 Nxd4 13.
Qxd4 Qxd4 14. Bxd4 Nd7 15. Rfd1 Ne5 16. Rac1 Rb8 17. c5 Be6 18. Nc3 1/2-1/2

[Event "KP 2024/25,Jiskra N. Bydzov-J. Jaromer"]
[Site "?"]
[Date "2024.11.24"]
[Round "3.8"]
[White "Kunes, Jan"]
[Black "Vanicek, Lukas"]
[Result "1-0"]
[WhiteElo "1859"]
[BlackElo "1804"]
[Annotator "batka,PC"]
[PlyCount "79"]
[EventDate "2024.??.??"]
[TimeControl "240+2"]

{600MB, Fritz10.ctg} 1. d4 d6 2. e4 g6 3. Nc3 Bg7 4. Be3 a6 5. Be2 b5 6. a3 Bb7
7. Bf3 e6 8. Nge2 Ne7 9. Qd2 Nd7 10. Bh6 O-O 11. h4 Nf6 12. h5 e5 13. d5 Rc8
14. hxg6 fxg6 15. Bxg7 Kxg7 16. Qh6+ Kh8 17. g4 Rf7 18. g5 Nfg8 19. Qh4 Rb8 20.
Bg4 Bc8 21. Bxc8 Qxc8 22. O-O-O b4 23. axb4 Rxb4 24. Rh2 Qf8 25. Rdh1 Qg7 26.
f4 a5 27. Kb1 a4 28. Ka2 c5 29. Ka3 Nc8 30. Nc1 Na7 31. Nd3 Nb5+ 32. Nxb5 Rxb5
33. fxe5 dxe5 34. Qg3 c4 35. Rxh7+ Qxh7 36. Qxe5+ Rg7 37. Rxh7+ Kxh7 38. Qh2+
Nh6 39. Qxh6+ Kg8 40. Nb4 1-0

[Event "KP 2024/25,SK Jicin B-SK Lipa"]
[Site "?"]
[Date "2024.11.24"]
[Round "3.1"]
[White "Urban, Zdenek"]
[Black "Rokos, Filip"]
[Result "1/2-1/2"]
[WhiteElo "2164"]
[BlackElo "2161"]
[PlyCount "34"]
[EventDate "2024.??.??"]
[WhiteTeam "SK Jicin B"]
[BlackTeam "SK Lipa B"]

1. d4 e6 2. c4 Nf6 3. g3 d5 4. Nf3 Be7 5. Bg2 O-O 6. O-O dxc4 7. Ne5 Nc6 8.
Nxc6 bxc6 9. Bxc6 Rb8 10. Nc3 Qd6 11. Bf3 Rd8 12. Qc2 Qb6 13. e4 Bb7 14. Be3
Ba8 15. Rab1 Qa5 16. Rfd1 Bb4 17. Bg2 h6 1/2-1/2

[Event "KP 2024/25,SK Jicin B-SK Lipa"]
[Site "?"]
[Date "2024.11.24"]
[Round "3.2"]
[White "Szucs, Matyas"]
[Black "Sadek, Vojtech"]
[Result "1/2-1/2"]
[WhiteElo "2091"]
[BlackElo "1985"]
[PlyCount "76"]
[EventDate "2024.??.??"]
[WhiteTeam "SK Jicin B"]
[BlackTeam "SK Lipa B"]

1. e4 c5 2. Ne2 e6 3. Nbc3 a6 4. g3 b5 5. Bg2 Bb7 6. O-O Ne7 7. d4 cxd4 8. Nxd4
Nec6 9. Nb3 d6 10. Be3 Nd7 11. Qe2 Be7 12. Rad1 Qc7 13. f4 O-O 14. Qf2 Na5 15.
Nxa5 Qxa5 16. e5 d5 17. Bd4 b4 18. Ne2 Nc5 19. f5 exf5 20. Qxf5 Ne6 21. Be3
Qxa2 22. Nf4 Nxf4 23. Rxf4 Bc8 24. Qd3 Be6 25. Bxd5 Bxd5 26. Qxd5 Qxd5 27. Rxd5
Rac8 28. Rf2 Rfd8 29. Rxd8+ Rxd8 30. Rd2 Rxd2 31. Bxd2 Bc5+ 32. Kg2 Bd4 33. b3
a5 34. Bf4 Kf8 35. e6 fxe6 36. Bc7 Ke7 37. Bxa5 Bc3 38. Kf3 e5 1/2-1/2

[Event "KP 2024/25,SK Jicin B-SK Lipa"]
[Site "?"]
[Date "2024.11.24"]
[Round "3.3"]
[White "Pochinkov, Andrey"]
[Black "Sedivy, Martin"]
[Result "1/2-1/2"]
[WhiteElo "2011"]
[BlackElo "2113"]
[PlyCount "72"]
[EventDate "2024.??.??"]
[WhiteTeam "SK Jicin B"]
[BlackTeam "SK Lipa B"]

1. Nf3 Nf6 2. d4 e6 3. e3 c5 4. Bd3 d5 5. c3 Be7 6. Nbd2 O-O 7. O-O Nbd7 8. Re1
Qc7 9. e4 dxe4 10. Nxe4 Nxe4 11. Rxe4 cxd4 12. cxd4 b6 13. Bg5 Qd8 14. Rh4 h6
15. Bxe7 Qxe7 16. Be4 Rb8 17. Qd2 Bb7 18. Bxb7 Rxb7 19. Re1 Nf6 20. Ne5 Nd7 21.
Rg4 Nxe5 22. Rxe5 Qf6 23. Rh5 Rd7 24. Rxh6 Rxd4 25. Rxd4 Qxh6 26. Qxh6 gxh6 27.
Rd7 Rc8 28. g4 Rc2 29. Rxa7 Rxb2 30. Kg2 Kg7 31. Kg3 b5 32. h4 b4 33. f3 b3 34.
axb3 Rxb3 35. Ra4 Rb1 36. Kf4 Rh1 1/2-1/2

[Event "KP 2024/25,SK Jicin B-SK Lipa"]
[Site "?"]
[Date "2024.11.24"]
[Round "3.4"]
[White "Vasatko, Martin"]
[Black "Cernoch, Vit"]
[Result "1-0"]
[WhiteElo "1947"]
[BlackElo "1971"]
[PlyCount "51"]
[EventDate "2024.??.??"]
[WhiteTeam "SK Jicin B "]
[BlackTeam "SK Lipa B"]

1. e4 e6 2. d4 d5 3. Nd2 c5 4. exd5 exd5 5. Bb5+ Nc6 6. Qe2+ Qe7 7. dxc5 Qxe2+
8. Nxe2 Bxc5 9. O-O Nge7 10. Nb3 Bb6 11. Bg5 O-O 12. Rfe1 Ng6 13. c3 h6 14. Bf4
Bg4 15. Bg3 f5 16. Nf4 Nxf4 17. Bxf4 a6 18. Bxc6 bxc6 19. Re6 Rac8 20. Rae1 Bh5
21. Be3 Bc7 22. Bd4 Rfe8 23. Nc5 a5 24. Re7 Rxe7 25. Rxe7 Re8 26. Rxg7+ 1-0

[Event "KP KHSS 2024/25"]
[Site "?"]
[Date "2024.11.24"]
[Round "3.5"]
[White "Rydl, Jan"]
[Black "Sucharda, David"]
[Result "1/2-1/2"]
[WhiteElo "1824"]
[BlackElo "2078"]
[PlyCount "78"]
[EventDate "2024.??.??"]
[WhiteTeam "SK Jicin B"]
[BlackTeam "SK Lipa B"]

1. d4 Nf6 2. Nc3 d6 3. e4 e5 4. dxe5 dxe5 5. Qxd8+ Kxd8 6. Bg5 c6 7. Bc4 Be6 8.
Bxe6 fxe6 9. Nge2 Bd6 10. f4 Ke7 11. fxe5 Bxe5 12. Bf4 Nbd7 13. O-O-O Raf8 14.
g3 Rhg8 15. h3 g5 16. Bxe5 Nxe5 17. Rdf1 Nh5 18. g4 Nf4 19. Ng3 h5 20. Nxh5
Nxh5 21. gxh5 Rxf1+ 22. Rxf1 Rh8 23. Rg1 Rxh5 24. Rg3 Kf6 25. Nd1 Rh4 26. Nf2
Rf4 27. Rg2 Kg6 28. b3 Kh5 29. Kd2 Nf3+ 30. Ke2 Nd4+ 31. Kd2 Kh4 32. c3 Nf3+
33. Ke3 Ne5 34. Kd4 Nd7 35. Ke3 Nf6 36. a4 c5 37. c4 b6 38. Rg1 Nd7 39. Nd3 Rf7
1/2-1/2